000 00319nam a22001337a 4500
020 _a978-0-440-86780-7
082 _a823
_bWIL/V
100 _aJACQUELINE WILSON
245 _aVICKY ANGEL
260 _aGREAT BRITIAN
_bCORGI YEARLING
_c2007
300 _a156
650 _aCHILDREN'S STORY BOOK
_zUNITED KINGDOM
942 _cBK
999 _c106
_d106